000 00317nam a2200133Ia 4500
005 20260328104331.0
008 260328s9999||||xx |||||||||||||| ||und||
100 _aOrlean, Susan
245 4 _aThe Library Book /
_cSusan Orlean
260 _bSimon & Schuster
300 _a290 p.
650 _aNOVELAS
942 _cBK
999 _c11727
_d11727